| 000 | 00406 a2200169 4500 | ||
|---|---|---|---|
| 001 | 145839 | ||
| 040 | _cLeonardo Da Vinci | ||
| 041 | _aPortuguês | ||
| 082 |
_a869.8 C311 _bC311 |
||
| 100 | _aCARRASCOZA;João Anzanello | ||
| 245 | _aDiário das Coincidências | ||
| 260 |
_bschwarcz _c2016 _aRio de Janeiro |
||
| 300 | _a107p | ||
| 362 | _a20160000 | ||
| 697 | _aCrônicas Brasileiras | ||
| 942 | _cBK | ||
| 999 |
_c145839 _d145839 |
||